| 000 -LEADER |
| fixed length control field |
00795cam a22002657a 4500 |
| 020 ## - INTERNATIONAL STANDARD BOOK NUMBER |
| ISBN |
9780124081345 |
| 020 ## - INTERNATIONAL STANDARD BOOK NUMBER |
| ISBN |
0124081347 |
| 040 ## - CATALOGING SOURCE |
| Transcribing agency |
NLM |
| 082 04 - DEWEY DECIMAL CLASSIFICATION NUMBER |
| Classification number |
612 ELS 2014 A056 Or. |
| 245 00 - TITLE STATEMENT |
| Title |
Cellular endocrinology in health and disease / |
| 260 ## - PUBLICATION, DISTRIBUTION, ETC. (IMPRINT) |
| Place of publication |
Amsterdam ; |
| -- |
Boston : |
| Name of publisher |
Elsevier/AP, |
| Year of publication |
c2014. |
| 300 ## - PHYSICAL DESCRIPTION |
| Number of Pages |
xi, 403 p. : |
| Other physical details |
ill. (chiefly col.) ; |
| Dimensions |
25 cm. |
| 650 #0 - SUBJECT ADDED ENTRY--TOPICAL TERM |
| Topical Term |
Endocrinology. |
| 650 #0 - SUBJECT ADDED ENTRY--TOPICAL TERM |
| Topical Term |
Endocrine glands |
| 650 #0 - SUBJECT ADDED ENTRY--TOPICAL TERM |
| Topical Term |
Endocrine glands |
| 650 12 - SUBJECT ADDED ENTRY--TOPICAL TERM |
| Topical Term |
Endocrine Glands |
| 650 22 - SUBJECT ADDED ENTRY--TOPICAL TERM |
| Topical Term |
Endocrine System Diseases |
| 650 #7 - SUBJECT ADDED ENTRY--TOPICAL TERM |
| Topical Term |
Endocrine glands |
| 650 #7 - SUBJECT ADDED ENTRY--TOPICAL TERM |
| Topical Term |
Endocrine glands |
| 650 #7 - SUBJECT ADDED ENTRY--TOPICAL TERM |
| Topical Term |
Endocrinology. |
| 700 1# - ADDED ENTRY--PERSONAL NAME |
| Personal name |
Ulloa-Aguirre, Alfredo. |
| 700 1# - ADDED ENTRY--PERSONAL NAME |
| Personal name |
Conn, P. Michael. |
| 856 42 - ELECTRONIC LOCATION AND ACCESS |
| Uniform Resource Identifier |
http://www.loc.gov/catdir/enhancements/fy1606/2014412502-d.html |
| 942 ## - ADDED ENTRY ELEMENTS (KOHA) |
| Koha item type |
សៀវភៅភាសាអង់គ្លេស |
| 952 ## - LOCATION AND ITEM INFORMATION (KOHA) |
| Withdrawn status [LOCAL, KOHA] |
0 |